| 000 | 01401cad a22002175a 4500 | ||
|---|---|---|---|
| 001 | L156897 | ||
| 008 | 120730s2012 xxk f 000 0 eng d | ||
| 035 | _a(Sirsi) u156897 | ||
| 041 | 0 | _aeng | |
| 110 | 2 |
_aWales _bWelsh Assembly Government |
|
| 245 | 0 | 0 |
_aNational statistics on the index of production and the index of construction _bquarter 1, 2012 _h[electronic resource] |
| 260 |
_aCardiff _bWelsh Assembly Government _c2012 |
||
| 490 | 0 |
_aNational Statistics on the Index of Production and the Index of Construction _v(SDR 117/2012) 24 July 2012 |
|
| 520 | _aKey points from this release are the longer term trend for the Index of Production for Wales shows a fall of 3.4% when comparing the latest four quarters to the previous four quarters.The short term quarterly movements rose in Wales (up 4.3%) whilst the UK output fell (down 0.5%).The fall over the longer term in Wales was largely accounted for by falls in other manufacturing and computer and electronic products. The longer term trend for the Index of Construction for Wales shows a fall of 2.3% when comparing the latest four quarters to the previous four quarters. | ||
| 590 | _aKA | ||
| 651 | 4 |
_aWales _y2007- |
|
| 651 | 4 |
_aUnited Kingdom _y |
|
| 690 |
_aConstruction management _96230 |
||
| 856 | 4 | 0 |
_uhttps://wales.gov.uk/docs/statistics/2012/120724sdr1172012en.pdf _zView the item free of charge at wales.gov.uk |
| 942 | _n0 | ||
| 999 |
_c114475 _d114475 |
||